Normal view
MARC view
- Structures, théorie des
Entry Topical Term
001 - CONTROL NUMBER
- control field: 42681
003 - CONTROL NUMBER IDENTIFIER
- control field: NUST
005 - DATE AND TIME OF LATEST TRANSACTION
- control field: 20210314132402.0
008 - FIXED-LENGTH DATA ELEMENTS
- fixed length control field: 210314|| aca||aabn | a|a d
040 ## - CATALOGING SOURCE
- Original cataloging agency: NUST
- Transcribing agency: NUST
150 ## - HEADING--TOPICAL TERM
- Topical term or geographic name entry element: Structures, théorie des
670 ## - SOURCE DATA FOUND
- Source citation: Work cat.: (NUST): Roberts N. P. Ridley P.G. 42680, Worked Expamples in The Theory of structures, [1965]
